1904 1349 1851 1102 1853 1908 1029 1062 1920 1445 1878 1132 1914 1567 1961 1521 1129 1780 1672 1374 1478 1222 1221 1291 1552 1484 1042 1444 1623 1079 1595 1448 1472 1705 1110 1669 1361 1094 1176 1723 1121 1158 1824 1121 1613 1030 1802 1932 1707 1418 1716 1404 1978 1660 1885 1884 1590 1171 1644 1861 1493 1464 1369 1568 1032 1892 1072 1827 1795 1205 1870 1685 1130 1874 1148 1030 1625 1936 1891 1069 1490 1672 1257 1613 1986 1731 1907 1316 1272 1811 1924 1060 1336 1542 1499 1150 1572 1551 1321 BCNSPRNW ULIB Ver.6.0+V

เปลี่ยนเป็นภาษาไทย

Change to English
 แสดงรายละเอียดบรรณานุกรม
  กลับหน้าหลัก

Brief Record : Get Marc (ISO 2709) : E-mail record : QR code < ปิดหน้าต่าง
LEADER : 00000nam 2200000uu 4500
001    13399124961
003     ULIB
008    160526s2558||||th 000 0 tha d
020    ^a9786169161530
060  4 ^aWS280^bพ791
245 00 ^aPediatric Critical Care :^bThe Essentials /^cบรรณาธิการ, ดุสิต สถาวร.
246 30 ^aThe Essentials
250    ^aพิมพ์ครั้งที่ 1
260    ^aกรุงเทพฯ :^bชมรมโรคระบบหายใจและเวชบำบัดวิกฤตในเด็กแห่งประเทศไทย,^c2558
300    ^a302 หน้า :^bภาพประกอบ, แผนภูมิ ;^c27 ซม
505 0  ^a-- Introduction ... TPRC 2015 and Beyond: What^'s the new direction ... Pediatric Critical Care 2014 - 15: Year-in-review -- Respiratory Critical Care ... Respiratory Physiology Review ... Pediatric Respiratory Failure: Inital Management & Stabilization ... Monitoring & Weaning off Ventilatory Support ... Managing Difficult Cases of Pneumonia ... Lung Recruitment & PEEP Titration: How & When? ... Managing Severe Asthma: How do we manage in the ICU setting ... Management to Refractory Hypoxemia in ARDS ... Lung Protective Ventilation Management in ARDS ... Patient Ventilator Dyssynchrony ... How to Manage Hypercapnia ... Using Non-invasive Ventilation for PICU Patients ... Oxygen Supplementation, Humidity and Aerosol Therapy for Non-invasive Ventilation in PICU ... Pracitcal Use of Noninvasive Positive Pressure Ventilation (NPPV) & Its Interface -- Severe Sepsis and Septic Shock ... Severe Dengue Infection: What^'s new from ID perspective? ... Multiple Organ Dysfunction and Organ Support in Severe Dengue Infection ... Using Colloids for Pediatric Resuscitation: When & How? ... Using Inotropes & Vasoactive Agents in Pediatric Septic Shock ... When to Consider New Inotropes and Vasoactive Agents in Pediatric Septic Shock ... Why EGDT for pediatric septic shock may not be as promising as it used to be? ... EGDT for Pediatric Septic Shock: Evidence-based approach ... What is the new direction of SSC? -- Neuro Critical Care ... Role of Continuous Infusion of Sedatives and Analgesics in Pediatric ICU ... Ssdatives and Analgesics for Pediatric ICU Patients: Evidence-based approach ... Post-arrest Resuscitation & Stabilization ... Role of Therapeutic Hypothermia after Cardiac Arrest ... What to do when the medical support for cardiac function are faiking -- Critical Care Ultrasound ... Ultrasound in Critical Care: Basic Principle ... Ultrasound Guide Vascular Access ... Lung Ultrasound in Pediatric Critical Care ... Abdominal Ultrasound in Critical Care
650  7 ^aการดูแลขั้นวิกฤต^xในวัยทารกและเด็ก
650  7 ^aภาวะฉุกเฉิน^xในวัยทารกและเด็ก
650  7 ^aทางเดินหายใจ^xโรค^xในวัยทารกและเด็ก^xการรักษา
700 0  ^aดุสิต สถาวร,^eบรรณาธิการ
700 0  ^aเฉลิมไทย เอกศิลป์,^eบรรณาธิการ
700 0  ^aรุจิภัตต์ สำราญสำรวจกิจ,^eบรรณาธิการ
945    ^p400^l0^i23646
945    ^p400^l0^i23647
999    ^aทศพร เกษรทอง
รายการนี้ยังไม่มีแท็ก
คุณยังไม่ได้ล็อกอิน คุณสามารถมีกิจกรรมร่วมกับเว็บไซต์ได้ แต่ต้องล็อกอินก่อน ::
  ล็อกอิน

รายการสื่อสารสนเทศ

ลำดับที่ ประเภท เลขเรียก/บาร์โค้ด สถานที่ สถานะ
1. วิทยาศาสตร์การแพทย์ และสุขภาพ
วิทยาศาสตร์การแพทย์ และสุขภาพ
สถานะ=หนังสือเก่า
WS280 พ791 ฉ.1 
  Barcode: 23646
ห้องสมุดวิทยาเขตนครสวรรค์
►ส่วนจัดเก็บหนังสือเก่า นว.
บนชั้น
  ขอยืม
2. วิทยาศาสตร์การแพทย์ และสุขภาพ
วิทยาศาสตร์การแพทย์ และสุขภาพ
สถานะ=หนังสือเก่า
WS280 พ791 ฉ.2 
  Barcode: 23647
ห้องสมุดวิทยาเขตนครสวรรค์
►ส่วนจัดเก็บหนังสือเก่า นว.
บนชั้น
  ขอยืม

BibComment


ยังไม่เคยถูกคอมเมนท์

คอมเมนท์ทรัพยากรรายการนี้
  คอมเมนท์: Pediatric Critic..


 Copyright 2026. Bcnsprnw @Library